BIBLIOTECA

SENCICO

Concurso Subregional sobre sistemas constructivos a base de madera (Registro nro. 3310)

Detalles MARC
000 -LEADER
fixed length control field 00706nam a2200181Ia 4500
005 - DATE AND TIME OF LATEST TRANSACTION
control field 20251020182610.0
008 - FIXED-LENGTH DATA ELEMENTS--GENERAL INFORMATION
fixed length control field 200515s9999 xx 000 0 und d
082 ## - DEWEY DECIMAL CLASSIFICATION NUMBER
Classification number SC/624.011.1/J89
110 ## - MAIN ENTRY--CORPORATE NAME
Corporate name or jurisdiction name as entry element Junta del Acuerdo de Cartagena
245 #0 - TITLE STATEMENT
Title Concurso Subregional sobre sistemas constructivos a base de madera
260 ## - PUBLICATION, DISTRIBUTION, ETC.
Place of publication, distribution, etc. Lima
260 ## - PUBLICATION, DISTRIBUTION, ETC.
Date of publication, distribution, etc. 1987
300 ## - PHYSICAL DESCRIPTION
Extent 72
520 ## - SUMMARY, ETC.
Summary, etc. Concurso que tuvo como objetivo principal, motivar el talento del diseñador para proponer nuevos aportes tecnológicos, o en su defecto racionalizar los métodos constructivos actualmente disponibles, orientándoles hacia la utilización ordenada y sistemátic
650 ## - SUBJECT ADDED ENTRY--TOPICAL TERM
Topical term or geographic name entry element MADERA
650 ## - SUBJECT ADDED ENTRY--TOPICAL TERM
Topical term or geographic name entry element PUB JUNAC
942 ## - ADDED ENTRY ELEMENTS (KOHA)
Koha item type Libros
Existencias
Fecha de la última vez que lo usaron Pago total Signatura topográfica completa Código de barras Precio efectivo desde Tipo de documento Estado perdido Estado dañado No es para préstamo Retirado Ubicación permanente Ubicación actual Fecha de adquisición
15/05/2020   SC/624.011.1/J89 Bib-Lima15053310 15/05/2020 Libros         Biblioteca Central Lima Biblioteca Central Lima 15/05/2020